| 000 | 00529cam a22001812 4500 | ||
|---|---|---|---|
| 001 | 0000001508 | ||
| 005 | 20170406113507.0 | ||
| 008 | 140116s xx 000 0 eng d | ||
| 020 | _c$ | ||
| 040 |
_aYour Holding Symbol _cYour Holding Symbol |
||
| 100 | 1 | _aWilson,Monica. | |
| 250 | _a ed. | ||
| 260 |
_aFreedom for my people : _bthe autobiography of ZK matthews:southern africa 1901 to 1968. |
||
| 300 |
_a253 p. ; _c cm. |
||
| 504 | _aindex. | ||
| 650 | 0 | _asouthern africa history. | |
| 908 | _a140116 | ||
| 999 |
_c1421 _d1421 |
||